Flagi w barwach panarabskich - Statystyki

Ogólne statystyki
  • Ten quiz został rozwiązany 15 razy
  • Średni wynik to 18 z 22
Statystyki odpowiedzi
Obrazkowy Odpowiedź % Poprawnych
Arabia saudyjska
100%
Irak
100%
Iran
100%
Kenia
100%
Algieria
91%
Egipt
91%
Liban
91%
Maroko
91%
Syria
91%
Zjednoczone Emiraty arabskie
91%
Jemen
82%
Jordania
82%
Libia
82%
Oman
82%
Pakistan
82%
Kuwejt
73%
Madagaskar
73%
Sudan Południowy
73%
Tadżykistan
73%
Palestyna
55%
Sudan
55%
Sahara Zachodnia
27%
Nie znaleziono quizów pasujących do podanych kryteriów
Rozkład punktacji
Procent ludzi z każdym wynikiem
Percentyl według liczby udzielonych odpowiedzi
Twoja historia wyników
Nie rozwiązałeś tego quizu